Statistiques concernant Paroles (Difficile) "Stairway to Heaven" de Led Zeppelin

Cliquez ici pour prendre le quiz!

Statistiques générales

  • Ce quiz a été pris 34 fois
  • Le résultat moyen est 215 sur 343

Statistiques - réponses

Réponse% Correct
a
100%
go
100%
I
100%
she
100%
the
100%
The
100%
To
100%
to
100%
who
96%
And
93%
and
93%
Heaven
93%
stairway
93%
is
89%
there
89%
There
89%
be
86%
lady
86%
she's
86%
buying
82%
there's
82%
There's
82%
all
79%
get
79%
gold
79%
When
79%
when
79%
you
79%
know
75%
me
75%
sure
75%
for
71%
have
71%
in
71%
In
71%
on
71%
then
71%
are
68%
but
68%
can
68%
If
68%
if
68%
it
68%
It
68%
that
68%
we
68%
by
64%
gets
64%
knows
64%
my
64%
our
64%
sometimes
64%
wall
64%
'cause
61%
glitters
61%
two
61%
who's
61%
word
61%
closed
57%
of
57%
sign
57%
thought
57%
wants
57%
what
57%
wonder
57%
came
54%
hear
54%
makes
54%
tree
54%
with
54%
don't
50%
feeling
50%
it's
50%
look
50%
stores
50%
will
50%
words
50%
Your
50%
your
50%
crying
46%
head
46%
leaving
46%
meanings
46%
misgiven
46%
seen
46%
spirit
46%
West
46%
echo
43%
not
43%
road
43%
sings
43%
songbird
43%
call
39%
laughter
39%
long
39%
new
39%
those
39%
trees
39%
day
36%
forest
36%
lead
36%
May
36%
piper
36%
smoke
36%
us
36%
Yes
36%
as
32%
brook
32%
hedgerow
32%
now
32%
Queen
32%
rock
32%
soon
32%
stand
32%
still
32%
time
32%
tune
32%
wind
32%
change
29%
just
29%
Ooh
29%
reason
29%
rings
29%
roll
29%
run
29%
voices
29%
alarmed
25%
blow
25%
bustle
25%
come
25%
dawn
25%
did
25%
down
25%
soul
25%
spring
25%
than
25%
whispered
25%
case
21%
clean
21%
Dear
21%
him
21%
looking
21%
paths
21%
Really
21%
shines
21%
you're
21%
piper's
18%
won't
18%
at
14%
hard
14%
lies
14%
light
14%
listen
14%
one
14%
shadows
14%
show
14%
taller
14%
throught
14%
walks
14%
white
14%
calling
11%
everything
11%
got
11%
how
11%
humming
11%
join
11%
turns
11%
very
11%
last
7%
whispering
7%
Woah
0%

Distribution des résultats

Percentile par nombre de réponses

% des personnes avec chaque résultat

Votre développement - résultats

Vous n’avez pas pris ce quiz